| 000 | 01125nam a2200193 a 4500 | ||
|---|---|---|---|
| 001 | 49436 | ||
| 005 | 20180714034131.0 | ||
| 008 | 140415s2002 sp 000 0 spa d | ||
| 020 | _a8474906547 | ||
| 041 | _aspa | ||
| 082 |
_a972.023 _bGON |
||
| 100 | 1 | _aGONZALEZ HERNANDEZ, CRISTINA | |
| 245 | 1 | 0 | _aDOÑA MARINA (LA MALINCHE) Y LA FORMACION DE LA IDENTIDAD MEXICANA |
| 250 | _a1a ed. | ||
| 260 |
_aESPAÑA : _bEDICIONES ENCUENTRO, _c2002 |
||
| 300 |
_a167 _c15 x 1.6 x 23 |
||
| 520 | _aHE AQUÍ UN LIBRO QUE HACIA FALTA. CON UN PUNTO DE VISTA NOVEDOSO, EL PRESENTE ESTUDIO SOBRE LA FIGURA DE DOÑA, MALINCHE, LA INDÍGENA QUE ACOMPAÑO A HERNAN CORTES EN CONQUISTA DE MÉXICO-FIGURA SUMAMENTE CONTROVERTIDA EN LA HISTORIA, ODIOSA PARA UNOS, INTERESANTE PARA OTROS-, VA MOSTRANDO PASO A PASO LA FORMACIÓN DE LA QUE ES HOY DÍA LA IDENTIDAD DEL PUEBLO MEXICANO, DANDO PISTAS PARA LA COMPRENSIÓN DE FENÓMENOS COMO EL PRI, EL ZAPATISMO Y LA PARTICULAR RELIGIOSIDAD DE LOS MEXICANOS. | ||
| 650 | 1 | 4 |
_aMUJERES MEXICANAS _xMEXICO _xHISTORIA _xEPOCA COLONIAL. 1517 _x1821 _xMALINCHE, LA (MALINTZIN) _xCORTS, HERNAN |
| 999 |
_c49436 _d49436 |
||